|
|
|
|
| LEADER |
00000naa2a2200000 4500 |
| 001 |
108039 |
| 005 |
20231031115510.0 |
| 035 |
|
|
|a (RuTPU)RU\TPU\book\116632
|
| 090 |
|
|
|a 108039
|
| 100 |
|
|
|a 20070111d2003 k y0rusy50 ca
|
| 101 |
0 |
|
|a rus
|
| 102 |
|
|
|a RU
|
| 200 |
1 |
|
|a Разработка электронной карты для создания баз данных с применением географических информационных систем
|f А. С. Архиреев, Д. А. Капитонов, В. Д. Каратаев
|
| 463 |
|
0 |
|0 (RuTPU)RU\TPU\book\62675
|y 5-98298-044-7
|t Университетская научно-практическая отчетная конференция студентов и молодых ученых; 14-16 мая 2003, г. Томск
|o Сборник тезисов
|f Томский политехнический университет. Физико-технический факультет
|v С. 35-36
|d 2003
|p 58 с.
|
| 610 |
1 |
|
|a информационные системы
|
| 610 |
1 |
|
|a электронные карты
|
| 610 |
1 |
|
|a география
|
| 610 |
1 |
|
|a разработка
|
| 610 |
1 |
|
|a базы данных
|
| 610 |
1 |
|
|a почва
|
| 610 |
1 |
|
|a радиоактивность
|
| 700 |
|
1 |
|a Архиреев
|b А. С.
|
| 701 |
|
1 |
|a Капитонов
|b Д. А.
|
| 701 |
|
1 |
|a Каратаев
|b В. Д.
|
| 801 |
|
1 |
|a RU
|b 63413507
|c 20070111
|g PSBO
|
| 801 |
|
2 |
|a RU
|b 63413507
|c 20150205
|g RCR
|
| 942 |
|
|
|c BK
|